Beyond memory : recording the history, moments and memories of South African music (Record no. 360025)

MARC details
000 -LEADER
fixed length control field 00337nam a2200097Ia 4500
082 ## - DEWEY DECIMAL CLASSIFICATION NUMBER
Classification number 78.968 MOJA
008 - FIXED-LENGTH DATA ELEMENTS--GENERAL INFORMATION
fixed length control field 210817s9999 xx 000 0 und d
100 ## - MAIN ENTRY--PERSONAL NAME
Personal name MOJAPELO, Max ** Somerset West, South Africa, 2R8 ** *
9 (RLIN) 89482
245 #0 - TITLE STATEMENT
Title Beyond memory : recording the history, moments and memories of South African music
942 ## - ADDED ENTRY ELEMENTS
item type Books

No items available.